<?xml version="1.0" encoding="UTF-8"?><?xml-stylesheet type="text/xsl" href="static/style.xsl"?><OAI-PMH xmlns="http://www.openarchives.org/OAI/2.0/" xmlns:xsi="http://www.w3.org/2001/XMLSchema-instance" xsi:schemaLocation="http://www.openarchives.org/OAI/2.0/ http://www.openarchives.org/OAI/2.0/OAI-PMH.xsd"><responseDate>2026-04-17T03:30:41Z</responseDate><request verb="GetRecord" identifier="oai:www.recercat.cat:11351/10733" metadataPrefix="marc">https://recercat.cat/oai/request</request><GetRecord><record><header><identifier>oai:recercat.cat:11351/10733</identifier><datestamp>2024-06-06T08:39:12Z</datestamp><setSpec>com_2072_378070</setSpec><setSpec>com_2072_378040</setSpec><setSpec>col_2072_378092</setSpec></header><metadata><record xmlns="http://www.loc.gov/MARC21/slim" xmlns:dcterms="http://purl.org/dc/terms/" xmlns:xsi="http://www.w3.org/2001/XMLSchema-instance" xmlns:doc="http://www.lyncode.com/xoai" xsi:schemaLocation="http://www.loc.gov/MARC21/slim http://www.loc.gov/standards/marcxml/schema/MARC21slim.xsd">
   <leader>00925njm 22002777a 4500</leader>
   <datafield ind2=" " ind1=" " tag="042">
      <subfield code="a">dc</subfield>
   </datafield>
   <datafield ind2=" " ind1=" " tag="720">
      <subfield code="a">Bratland, Åse</subfield>
      <subfield code="e">author</subfield>
   </datafield>
   <datafield ind2=" " ind1=" " tag="720">
      <subfield code="a">MORTIER, Laurent</subfield>
      <subfield code="e">author</subfield>
   </datafield>
   <datafield ind2=" " ind1=" " tag="720">
      <subfield code="a">Roshdy, Osama</subfield>
      <subfield code="e">author</subfield>
   </datafield>
   <datafield ind2=" " ind1=" " tag="720">
      <subfield code="a">González, Rene</subfield>
      <subfield code="e">author</subfield>
   </datafield>
   <datafield ind2=" " ind1=" " tag="720">
      <subfield code="a">Schachter, Jacob</subfield>
      <subfield code="e">author</subfield>
   </datafield>
   <datafield ind2=" " ind1=" " tag="720">
      <subfield code="a">MUÑOZ COUSELO, EVA</subfield>
      <subfield code="e">author</subfield>
   </datafield>
   <datafield ind2=" " ind1=" " tag="260">
      <subfield code="c">2023-12-20T11:32:39Z</subfield>
   </datafield>
   <datafield ind2=" " ind1=" " tag="260">
      <subfield code="c">2023-12-20T11:32:39Z</subfield>
   </datafield>
   <datafield ind2=" " ind1=" " tag="260">
      <subfield code="c">2023-12</subfield>
   </datafield>
   <datafield ind2=" " ind1=" " tag="520">
      <subfield code="a">Advanced squamous cell carcinoma; Immunotherapy; Pembrolizumab</subfield>
   </datafield>
   <datafield ind2=" " ind1=" " tag="520">
      <subfield code="a">Carcinoma de cèl·lules escamoses avançat; Immunoteràpia; Pembrolizumab</subfield>
   </datafield>
   <datafield ind2=" " ind1=" " tag="520">
      <subfield code="a">Carcinoma de células escamosas avanzado; Inmunoterapia; Pembrolizumab</subfield>
   </datafield>
   <datafield ind2=" " ind1=" " tag="520">
      <subfield code="a">Introduction&#xd;
At first interim analysis of KEYNOTE-629, health-related quality of life (HRQoL) with pembrolizumab was stable or improved over 48 weeks in recurrent or metastatic (R/M) cutaneous squamous cell carcinoma (cSCC). HRQoL results from the second interim analysis in R/M or locally advanced (LA) cSCC are presented.&#xd;
Methods&#xd;
Patients received pembrolizumab 200 mg every 3 weeks for ≤ 2 years. Change in EORTC Quality of Life Questionnaire Core 30 (EORTC QLQ-C30) and EQ-5D-5L scores were exploratory end points. Primary analysis was performed at week 12 to ensure adequate completion/compliance. Descriptive analyses were also conducted through weeks 48 and 75 for the LA and R/M cohorts, respectively.&#xd;
Results&#xd;
At data cutoff (29 July 2020), mean scores in the LA cohort (n = 47) were stable from baseline to week 12 for EORTC QLQ-C30 global health status (GHS)/quality of life (QoL) (−0.27 points [95% confidence interval (CI) −10.93 to 10.39]), physical functioning (−1.29 points [95% CI  −8.77 to 6.19]), and EQ-5D-5L visual analog scale (2.06 [95% CI −7.70 to 11.82]). HRQoL remained stable through week 48 in the LA cohort; 76.6% and 74.5% of patients had improved or stable GHS/QoL and physical functioning scores, respectively. HRQoL continued to show stability or improvement through week 75 in the R/M cohort (n = 99); 71.7% and 64.6% of patients had improved or stable GHS/QoL and physical functioning scores, respectively.&#xd;
Conclusions&#xd;
Pembrolizumab has demonstrated antitumor activity and manageable safety. The current analysis shows pembrolizumab treatment preserved HRQoL. Collectively, these results support pembrolizumab as standard of care for LA or R/M cSCC.&#xd;
Trial Registration&#xd;
ClinicalTrials.gov, NCT03284424—September 15, 2017.</subfield>
   </datafield>
   <datafield ind2=" " ind1=" " tag="520">
      <subfield code="a">Funding for this research and the journal’s Rapid Service Fee was provided by Merck Sharp &amp; Dohme LLC., a subsidiary of Merck &amp; Co., Inc., Rahway, NJ, USA.</subfield>
   </datafield>
   <datafield ind1="8" ind2=" " tag="024">
      <subfield code="a">http://hdl.handle.net/11351/10733</subfield>
   </datafield>
   <datafield tag="653" ind2=" " ind1=" ">
      <subfield code="a">Anticossos monoclonals - Ús terapèutic</subfield>
   </datafield>
   <datafield tag="653" ind2=" " ind1=" ">
      <subfield code="a">Pell - Càncer - Tractament</subfield>
   </datafield>
   <datafield tag="653" ind2=" " ind1=" ">
      <subfield code="a">Qualitat de vida</subfield>
   </datafield>
   <datafield tag="653" ind2=" " ind1=" ">
      <subfield code="a">HEALTH CARE::Environment and Public Health::Public Health::Epidemiologic Measurements::Demography::Health Status::Quality of Life</subfield>
   </datafield>
   <datafield tag="653" ind2=" " ind1=" ">
      <subfield code="a">DISEASES::Neoplasms::Neoplasms by Histologic Type::Neoplasms, Glandular and Epithelial::Carcinoma::Carcinoma, Squamous Cell</subfield>
   </datafield>
   <datafield tag="653" ind2=" " ind1=" ">
      <subfield code="a">DISEASES::Neoplasms::Neoplasms by Site::Skin Neoplasms</subfield>
   </datafield>
   <datafield tag="653" ind2=" " ind1=" ">
      <subfield code="a">CHEMICALS AND DRUGS::Amino Acids, Peptides, and Proteins::Proteins::Blood Proteins::Immunoproteins::Immunoglobulins::Antibodies::Antibodies, Monoclonal</subfield>
   </datafield>
   <datafield tag="653" ind2=" " ind1=" ">
      <subfield code="a">ATENCIÓN DE SALUD::ambiente y salud pública::salud pública::medidas epidemiológicas::demografía::estado de salud::calidad de vida</subfield>
   </datafield>
   <datafield tag="653" ind2=" " ind1=" ">
      <subfield code="a">ENFERMEDADES::neoplasias::neoplasias por tipo histológico::neoplasias glandulares y epiteliales::carcinoma::carcinoma de células escamosas</subfield>
   </datafield>
   <datafield tag="653" ind2=" " ind1=" ">
      <subfield code="a">ENFERMEDADES::neoplasias::neoplasias por localización::neoplasias cutáneas</subfield>
   </datafield>
   <datafield tag="653" ind2=" " ind1=" ">
      <subfield code="a">COMPUESTOS QUÍMICOS Y DROGAS::aminoácidos, péptidos y proteínas::proteínas::proteínas sanguíneas::inmunoproteínas::inmunoglobulinas::anticuerpos::anticuerpos monoclonales</subfield>
   </datafield>
   <datafield ind2="0" ind1="0" tag="245">
      <subfield code="a">Health-Related Quality of Life with Pembrolizumab in Patients with Locally Advanced or Recurrent or Metastatic Cutaneous Squamous Cell Carcinoma: KEYNOTE-629</subfield>
   </datafield>
</record></metadata></record></GetRecord></OAI-PMH>